| 000 | 00557nam a2200181Ia 4500 | ||
|---|---|---|---|
| 003 | LDD | ||
| 008 | 190117s9999 xx 000 0 und d | ||
| 020 |
_a8185726922 _c₹300 |
||
| 040 | _cLDD | ||
| 041 | _ahi | ||
| 082 | _a8H3.7 ना1601स | ||
| 100 | _aनागार्जुन | ||
| 245 | 0 |
_aसम्पूर्ण बाल कहानियां _cनागार्जुन |
|
| 260 |
_aदिल्ली _bयात्री प्रकाशन _c2007 |
||
| 300 | _a192पृ. | ||
| 904 | _aReqst by : J.M. Parakh | ||
| 942 |
_2ddc _cH |
||
| 999 |
_c162313 _d162313 |
||